Historias buscadas : un compromiso del Estado por el derecho a la identidad.
Guardado en:
| Autor Corporativo: | |
|---|---|
| Formato: | Libro |
| Idioma: | Undetermined |
| Publicado: |
Buenos Aires :
Ministerio de Educación,
2010.
|
| Edición: | 1a. ed. |
| Materias: | |
| Etiquetas: |
Agregar Etiqueta
Sin Etiquetas, Sea el primero en etiquetar este registro!
|
| LEADER | 00603nam a22001695a 4500 | ||
|---|---|---|---|
| 001 | DER.der013755 | ||
| 008 | 181115s2010####ag############000#0#und#d | ||
| 005 | 20260209183442.0 | ||
| 245 | 1 | 0 | |a Historias buscadas : |b un compromiso del Estado por el derecho a la identidad. |
| 250 | |a 1a. ed. | ||
| 260 | |a Buenos Aires : |b Ministerio de Educación, |c 2010. | ||
| 300 | |a 47 p. | ||
| 110 | 2 | |a Argentina Ministerio de Educación Dirección Nacional de Políticas Socioeducativas. | |
| 653 | |a DICTADURA MILITAR 1976-1983 | ||
| 653 | |a DERECHOS HUMANOS | ||
| 653 | |a DERECHO A LA IDENTIDAD | ||
| 859 | |a DERECHO |b BIB. DERECHO |p 008824 | ||
